Сказки русских писателей; Случай с Евсейкой; Воробьишко; Самовар; Про Иванушку-дурачка; Звезда; Четверо нищих; Крупеничка; Белая цапля; Зайка; К Морю-Океану; Хитрые звери; Медведь Панфамил; Духовик; Русалочка-ротозеечка; Пумпин сад; Иван да Марья; Прожорливый башмак; Золотой ключик; Теплый хлеб; Похождения жука-носорога; Дремучий медведь; Растрепанный воробей; Заботливый цветок; Квакша; Стальное колечко; Три толстяка; Как муравьишка домой спешил; Сова; Чей нос лучше; Сказка о потерянном времени; Два брата; Двенадцать месяцев; Серебряное копытце; Огневушка-поскакушка; Синюшкин колодец; Как поп работницу нанимал; Как парень к попу в работники нанялся; Лень да Отеть; Соломбальская бывальщина; Как соль попала за границу; На корабле через Карпаты; За дровами на охоту; Дудочка и кувшинчик; Цветик-семицветик; Солдат и царица; Неизвестный цветок; Храбрый Азмун; Айога; Песочные часы; Фока-на все руки дока; Как огонь воду замуж взял; Две лягушки

Bibliographic Details
Other Authors: Бахметьева И. А. (редактор)
Language:Russian
Published: Москва, Правда, 1990
TOC:М. Горький, Случай с Евсейкой; Воробьишко; Самовар; Про Иванушку-дурачка;
В. В. Вересаев, Звезда;
А. И. Куприн, Четверо нищих;
Н. Телешов, Крупеничка; Белая цапля;
А. М. Ремизов, Зайка; К Морю-Океану;
О. Д. Форш, Хитрые звери; Медведь Панфамил; Духовик; Русалочка-ротозеечка; Пумпин сад;
А. Н. Толстой, Иван да Марья; Прожорливый башмак; Золотой ключик;
К. Г. Паустовский, Теплый хлеб; Похождения жука-носорога; Дремучий медведь; Растрепанный воробей; Заботливый цветок; Квакша; Стальное колечко;
Ю. К. Олеша, Три толстяка;
В. В. Бианки, Как муравьишка домой спешил; Сова; Чей нос лучше;
Е. Л. Шварц, Сказка о потерянном времени; Два брата;
С. Я. Маршак, Двенадцать месяцев;
П. П. Бажов, Серебряное копытце; Огневушка-поскакушка; Синюшкин колодец;
С. Г. Писахов, Как поп работницу нанимал; Как парень к попу в работники нанялся; Лень да Отеть; Соломбальская бывальщина; Как соль попала за границу; На корабле через Карпаты; За дровами на охоту;
В. П. Катаев, Дудочка и кувшинчик; Цветик-семицветик;
А. П. Платонов, Солдат и царица; Неизвестный цветок;
Д. Нагишкин, Храбрый Азмун; Айога;
В. А. Каверин, Песочные часы;
Е. А. Пермяк, Фока-на все руки дока; Как огонь воду замуж взял;
Л. Пантелеев, Две лягушки;
Subjects:
Format: Book
KOHA link:https://koha.lib.tpu.ru/cgi-bin/koha/opac-detail.pl?biblionumber=90878

MARC

LEADER 00000nam0a2200000 4500
001 90878
005 20231031103746.0
010 |a 5253001344 
035 |a (RuTPU)RU\TPU\book\97447 
090 |a 90878 
100 |a 20060216d1990 d y0rusy50 ca 
101 0 |a rus 
102 |a RU 
105 |a a z 000ay 
200 1 |a Сказки русских писателей  |f под ред. И. А. Бахметьевой 
210 |a Москва  |c Правда  |d 1990 
215 |a 480 с.  |c ил. 
464 |t Случай с Евсейкой; Воробьишко; Самовар; Про Иванушку-дурачка  |o сказки  |f М. Горький 
464 |t Звезда  |o сказка  |f В. В. Вересаев 
464 |t Четверо нищих  |o сказка  |f А. И. Куприн 
464 |t Крупеничка; Белая цапля  |o сказки  |f Н. Телешов 
464 |t Зайка; К Морю-Океану  |o сказки  |f А. М. Ремизов 
464 |t Хитрые звери; Медведь Панфамил; Духовик; Русалочка-ротозеечка; Пумпин сад  |o сказки  |f О. Д. Форш 
464 |t Иван да Марья; Прожорливый башмак; Золотой ключик  |o сказки  |f А. Н. Толстой 
464 |t Теплый хлеб; Похождения жука-носорога; Дремучий медведь; Растрепанный воробей; Заботливый цветок; Квакша; Стальное колечко  |o сказки  |f К. Г. Паустовский 
464 |t Три толстяка  |o сказка  |f Ю. К. Олеша 
464 |t Как муравьишка домой спешил; Сова; Чей нос лучше  |f В. В. Бианки 
464 |t Сказка о потерянном времени; Два брата  |f Е. Л. Шварц 
464 |t Двенадцать месяцев  |o сказка  |f С. Я. Маршак 
464 |t Серебряное копытце; Огневушка-поскакушка; Синюшкин колодец  |o сказки  |f П. П. Бажов 
464 |t Как поп работницу нанимал; Как парень к попу в работники нанялся; Лень да Отеть; Соломбальская бывальщина; Как соль попала за границу; На корабле через Карпаты; За дровами на охоту  |o сказки  |f С. Г. Писахов 
464 |t Дудочка и кувшинчик; Цветик-семицветик  |o сказки  |f В. П. Катаев 
464 |t Солдат и царица; Неизвестный цветок  |o сказки  |f А. П. Платонов 
464 |t Храбрый Азмун; Айога  |o сказки  |f Д. Нагишкин 
464 |t Песочные часы  |o сказка  |f В. А. Каверин 
464 |t Фока-на все руки дока; Как огонь воду замуж взял  |o сказки  |f Е. А. Пермяк 
464 |t Две лягушки  |o сказка  |f Л. Пантелеев 
610 1 |a русская литература 
610 1 |a русские сказки 
610 1 |a русские писатели 
675 |a Р1  |v 3 
702 1 |a Бахметьева  |b И. А.  |4 340 
801 1 |a RU  |b 63413507  |c 20060216  |g PSBO 
801 2 |a RU  |b 63413507  |c 20220616  |g PSBO 
942 |c BK